000 00646nam a2200217 i 4500
001 150248
003 ES-MaACL
005 20231209062947.0
007 t|
008 071029s1985 sp ||||1| spa d
020 _a84-320-4312-5
100 1 _aVallejo-Nágera, Juan Antonio,
_d1926-1990
_9112855
245 1 0 _aMishima o El placer de morir /
_cJuan Antonio Vallejo-Nágera.
250 _a[2ª ed.].
260 _aBarcelona :
_bPlaneta,
_c1985.
300 _a209 p. :
_bil. ;
_c18 cm.
490 1 _aDocumento ;
_v128
830 0 _aDocumento ;
_v128
_9177347
852 _aES-MaACL
_jC-3529
_bR.110756
999 _c150248
_d150248